| 000 | 00000nas##2200000za#4500 |
| 001 | 9.512767 |
| 003 | CaOODSP |
| 005 | 20200325125351 |
| 007 | ta |
| 008 | 150406c1991||||xxc|| p #||||f| |0fre|d |
| 040 | |aCaOODSP|bfre |
| 043 | |an-cn--- |
| 086 | 1 |aT51-8F |
| 110 | 1 |aCanada.|bTransports Canada. |bAviation civile. |
| 245 | 10|aA.I.P. Canada |
| 260 | |aOttawa - Ontario : |bTransports Canada. |
| 310 | |aTrimestriel |
| 500 | |aModifications publiées en parallèle avec le calendrier de l'OACI de régularisation et contrôle de la diffusion des renseignements aéronautiques. |
| 500 | |aRemplacé par le «Manuel d'information aéronautique (AIM de TC)». Celui-là est disponible auprès d'Aviation civile, Centre de communications (1-800-305-2059 ou (613) 993-7284, services@tc.gc.ca, www.tc.gc.ca/transact) |
| 775 | 08|tA.I.P. Canada |w(CaOODSP)9.514341 |